000 00331pab a2200145 454500
008 180718b2004 xxu||||| |||| 00| 0 eng d
100 _aSaravade, Pradnya
245 _aIssues of policing the cyberspace
260 _c2004
300 _ap.20-21.
362 _aNov
650 _aPolice
773 _aCBI Bulletin
909 _a64249
999 _c64249
_d64249